Metodika testovania pre jednotlivé etapy testovania IS = Methodics of testing for individual phase of testing : Diplomová práca
Salvato in:
| Autore principale: | |
|---|---|
| Altri autori: | |
| Natura: | Manoscritto Libro |
| Lingua: | slovacco |
| Pubblicazione: |
Trnava :
STU v Bratislave MTF UIAM,
2009
|
| Soggetti: | |
| Tags: |
Nessun Tag, puoi essere il primo ad aggiungerne!!
|
MARC
| LEADER | 00000ntm a22000003a 4500 | ||
|---|---|---|---|
| 001 | stu181274 | ||
| 005 | 20160719154409.0 | ||
| 008 | 090310s2009----xo------------------slo-d | ||
| 040 | |a STU |b slo | ||
| 041 | 0 | |a slo | |
| 044 | |a xo | ||
| 100 | 1 | |a Špaková, Jana |4 aut | |
| 245 | 1 | |a Metodika testovania pre jednotlivé etapy testovania IS = Methodics of testing for individual phase of testing : |b Diplomová práca | |
| 260 | |a Trnava : |b STU v Bratislave MTF UIAM, |c 2009 | ||
| 300 | |a 63 s |c 1 CD-ROM | ||
| 500 | |a Študijný program: automatizácia a informatizácia procesov | ||
| 500 | |a Študijný odbor: 5.2.14 automatizácia | ||
| 650 | 7 | |a testovanie informačných systémov |2 stusub | |
| 700 | 1 | |a Moravčík, Oliver, |d 1952- |4 xxx |u M6000 |U MTF Materiálovotechnologická fakulta |T MTF Ústav aplikovanej informatiky, automatizácie a matematiky |X 268 |U M6000 |Y 86 |7 A000000268 | |
| 700 | 1 | |a Zeman, Jaroslav, |d 1982- |4 csl |u M180 |U MTF Materiálovotechnologická fakulta |T MTF Katedra aplikovanej informatiky a automatizácie |X 4619 |U M180 |Y 166 |7 A000004619 | |
| 996 | |b 284M069975 |c M*DP-7760 |l MMSKP |s P |a 0 |w stu181274_0001 | ||